000 00306nam a2200109Ia 4500
008 200302s9999 xx 000 0 und d
100 _aAnna Kasabian
245 _aEast Coast Rooms Portfolios of 31 Interior Designers and Architects
260 _bRockport Publishers Inc.
260 _c2000
300 _a192 P.,
999 _c1599
_d1599